000 00587nam a22002057a 4500
005 20241213114737.0
008 241213b ||||| |||| 00| 0 eng d
040 _cAL
041 _aEnglish
082 _223
_a348.04
_bEASS
100 _aEastern Book Company
_9190752
245 _aSupreme Court Cases: Vol 3
260 _aLucknow
_bEastern Book Company
_c1974
300 _a818 p.
_bHB
365 _a1061
_b₹959.52
_c
_d₹1279.36
_e25%
_f28-11-2024
440 _aVolume 3
_9190753
650 _aLaw
_9190754
650 _aMode of Citation (1974) 3 SCC
_9190755
942 _2ddc
_cBI
999 _c232833
_d232833